Online
Catalog

Los bienes de uso público / (Record no. 12494)

MARC details
000 -CABECERA
campo de control de longitud fija 00700cam a2200205 a 4500
001 - NÚMERO DE CONTROL
campo de control 000012846
005 - FECHA Y HORA DE LA ÚLTIMA TRANSACCIÓN
campo de control 20200929163103.0
008 - DATOS DE LONGITUD FIJA--INFORMACIÓN GENERAL
campo de control de longitud fija 990802s1998 ck b 001 0 spa
020 ## - NÚMERO INTERNACIONAL ESTÁNDAR DEL LIBRO
Número Internacional Estándar del Libro 9586760596
040 ## - FUENTE DE LA CATALOGACIÓN
Centro catalogador/agencia de origen DO-SdBNP
Lengua de catalogación spa
Centro/agencia transcriptor BNPHU
082 ## - NÚMERO DE LA CLASIFICACIÓN DECIMAL DEWEY
Número de clasificación 343.86102
Número de documento/Ítem P397b
100 1# - ENTRADA PRINCIPAL--NOMBRE DE PERSONA
Nombre de persona Penagos, Gustavo.
9 (RLIN) 29719
245 14 - MENCIÓN DE TÍTULO
Título Los bienes de uso público /
Mención de responsabilidad, etc. Gustavo Penagos.
260 ## - PUBLICACIÓN, DISTRIBUCIÓN, ETC.
Lugar de publicación, distribución, etc. Santafe de Bogota :
Nombre del editor, distribuidor, etc. Ediciones Doctrina y Ley,
Fecha de publicación, distribución, etc. 1998.
300 ## - DESCRIPCIÓN FÍSICA
Extensión xxi, 571 p. ;
Dimensiones 23 cm.
500 ## - NOTA GENERAL
Nota general Incluye referencias bibliográficas y notas al pie de las páginas
504 ## - NOTA DE BIBLIOGRAFÍA, ETC.
Nota de bibliografía, etc. Bibliografía : p. 556-562
650 #4 - PUNTO DE ACCESO ADICIONAL DE MATERIA--TÉRMINO DE MATERIA
Término de materia o nombre geográfico como elemento de entrada Bienes público
Subdivisión geográfica Colombia
9 (RLIN) 29720
650 #4 - PUNTO DE ACCESO ADICIONAL DE MATERIA--TÉRMINO DE MATERIA
Término de materia o nombre geográfico como elemento de entrada Derecho administrativo
Subdivisión geográfica Colombia.
9 (RLIN) 29370
Holdings
Estado de retiro Estado de pérdida Restricciones de uso No para préstamo Código de colección Localización permanente Ubicación/localización actual Ubicación en estantería Fecha de adquisición Número de inventario Total de préstamos Signatura topográfica completa Código de barras Fecha visto por última vez Precio válido a partir de Tipo de ítem Koha
      Excluido de préstamo Monografías: Libros y Folletos General General Depósito 17.11.2009 LF1   343.86102 P397b 12846-10 25.06.2020 25.06.2020 No se presta

Powered by Koha